| 000 | 00715nam a22001217a 4500 | ||
|---|---|---|---|
| 040 | _cRUA | ||
| 082 | _aVEM ICH 2025 B705 Or.1 | ||
| 100 | _aICH PANHA, អ៊ិច បញ្ញា | ||
| 245 | _aEvaluation Of Cattle Welfare At Exsperimental Station OfFaculty Veterinary Meadicine Royal University Of Agriculture, វាយតម្លៃសុខុមាលភាពគោនៅស្ថានីយ៍ពិសោធន៍សត្វនៃមហាវិទ្យាល័យវេជ្ជសាស្រ្តសត្វ សាកលវិទ្យាល័យភូមិន្ទកសិកម្ម. | ||
| 260 |
_aPHNOM PENH _bRUA _c2025 |
||
| 300 |
_aix, 37p. _bill. _c29cm. |
||
| 942 | _cសារណាបទ | ||
| 999 |
_c25567 _d25567 |
||